Îles par records - Statistiques

Statistiques générales
  • Ce quiz a été pris 1 197 fois
  • Le résultat moyen est 11 sur 22
Statistiques - réponses
Record Île % Correct
Plus grande île au monde Groenland
84%
Plus grande île des Caraïbes Cuba
75%
Plus grande île en mer Méditerranée Sicile
73%
Île d'Europe la plus peuplée Grande-Bretagne
72%
Île française la plus peuplée La Réunion
68%
Plus grande île grecque Crète
64%
Île la plus peuplée des Caraïbes Hispaniola
62%
Plus grande île de l'Océan Indien Madagascar
60%
Plus petit pays insulaire Nauru
60%
Plus grande île des États-Unis Île d'Hawaï
54%
Île la plus peuplée Java
53%
Île la plus peuplée de Polynésie française Tahiti
53%
Plus grande île des Baléares Majorque
51%
Île partagée par le plus grand nombrede pays (3) Bornéo
50%
Plus grande île des Canaries Tenerife
33%
Plus grande île des Philippines Luçon
31%
Plus grande des îles bretonnes Belle-Île-en-Mer
28%
Plus grande île du Canada Baffin
26%
Plus grande île chinoise Hainan
25%
Plus grande île de Russie Sakhaline
23%
Plus grande île formée par l'activité volcanique Islande
18%
Île ayant le plus haut point culminant Nouvelle-Guinée
10%
Aucun quiz correspondant
Distribution des résultats
% des personnes avec chaque résultat
Percentile par nombre de réponses
Votre historique - résultats
Vous n’avez pas pris ce quiz